Statistieken voor Hoofdsteden per Letter - R

Klik hier om de quiz te nemen!

Algemene statistieken

  • Deze quiz is 421 keer genomen
  • De gemiddelde score is 4 van 6

Antwoordstatistieken

LandHoofdstad% Correct
LetlandRiga
88%
ItaliëRome
88%
IJslandReykjavik
79%
MarokkoRabat
69%
Saoedi-ArabiëRiyad
65%
DominicaRoseau
61%

Scoreverdeling

Percentiel versus Aantal Correcte Antwoorden

Procent van Mensen met Elke Score

Uw Scoregeschiedenis

U heeft deze quiz nog niet genomen